[Event "Wch U10"]
[Site "Montesilvano"]
[Date "2024.11.24"]
[Round "9"]
[White "Zhou, Martin"]
[Black "Munoz Padilla, Andres"]
[Result "1-0"]
[WhiteElo "1776"]
[BlackElo "1604"]
[PlyCount "59"]
[EventDate "2024.11.15"]
[EventType "swiss"]
[EventRounds "11"]
[EventCountry "ITA"]
[SourceTitle "CB48_2024"]
[SourceDate "2024.11.28"]
[SourceVersion "1"]
[SourceVersionDate "2024.11.28"]
[SourceQuality "1"]

1. e4 c5 2. Nc3 Nc6 3. g3 g6 4. Bg2 Bg7 5. d3 d6 6. Be3 e5 7. Nge2 Nd4 8. 0-0 Ne7 9. f4 0-0 10. Bd2 f5 11. Nxd4 cxd4 12. Ne2 Rb8 13. c3 dxc3 14. Qb3+ Kh8 15. Bxc3 Nc6 16. Rad1 Qe7 17. d4 fxe4 18. fxe5 Bg4 19. Qc2 dxe5 20. Qxe4 Rxf1+ 21. Bxf1 Bf5 22. Qe3 Qd6 23. d5 Ne7 24. Qxa7 Be4 25. Bb4 Qf6 26. Bxe7 Qxe7 27. Qxb8+ Bf8 28. d6 Qf6 29. d7 Qf3 30. Qxf8+ 1-0

[Event "Wch U10"]
[Site "Montesilvano"]
[Date "2024.11.22"]
[Round "7"]
[White "Lenkov, Stanislav"]
[Black "Munoz Padilla, Andres"]
[Result "1-0"]
[WhiteElo "1693"]
[BlackElo "1604"]
[PlyCount "99"]
[EventDate "2024.11.15"]
[EventType "swiss"]
[EventRounds "11"]
[EventCountry "ITA"]
[SourceTitle "CB48_2024"]
[SourceDate "2024.11.28"]
[SourceVersion "1"]
[SourceVersionDate "2024.11.28"]
[SourceQuality "1"]

1. e4 e5 2. Nf3 Nc6 3. Bb5 a6 4. Ba4 Nf6 5. d3 d6 6. c4 Be7 7. h3 0-0 8. Be3 Ne8 9. Nc3 f5 10. Bxc6 bxc6 11. d4 fxe4 12. Nxe4 d5 13. Nc3 exd4 14. Nxd4 c5 15. Nc6 Qd6 16. Qxd5+ Qxd5 17. Nxe7+ Kf7 18. Nexd5 Rb8 19. Bxc5 Rg8 20. b4 Bb7 21. 0-0 Nf6 22. Nxc7 Rbc8 23. N7d5 a5 24. a3 Ra8 25. Nxf6 gxf6 26. f3 axb4 27. axb4 Rxa1 28. Rxa1 Bxf3 29. Ra7+ Ke6 30. Ra2 Bb7 31. Re2+ Kd7 32. Nd5 Kd8 33. Bb6+ Kd7 34. Re7+ Kc8 35. Rxh7 Rg6 36. Ne7+ Kd7 37. Nxg6+ Kc8 38. Rxb7 Kxb7 39. c5 Kc6 40. h4 Kb5 41. h5 Kxb4 42. c6 Kb5 43. c7 Kxb6 44. c8Q Ka7 45. Qc6 f5 46. h6 f4 47. h7 f3 48. gxf3 Kb8 49. h8R+ Ka7 50. Ra8# 1-0